Brownfield boost (Record no. 69449)
[ view plain ]
| 000 -LEADER | |
|---|---|
| fixed length control field | 00968cam a2200193 4500 |
| 001 - CONTROL NUMBER | |
| control field | WB3805-15 |
| 008 - FIXED-LENGTH DATA ELEMENTS--GENERAL INFORMATION | |
| fixed length control field | 020206n2002 000 0 eng u |
| 035 ## - SYSTEM CONTROL NUMBER | |
| System control number | (Sirsi) u116627 |
| 245 ## - TITLE STATEMENT | |
| Title | Brownfield boost |
| 260 ## - PUBLICATION, DISTRIBUTION, ETC. | |
| Date of publication, distribution, etc. | 2002 |
| 490 ## - SERIES STATEMENT | |
| Series statement | Planning (for the Natural and Built Environment) |
| Volume/sequential designation | (1454) 1 February 2002, 1(1) |
| 520 ## - SUMMARY, ETC. | |
| Summary, etc. | A report by consultants GVA Grimley and economic analysts Business Strategies, argues that the decline of the UK manufacturing industry will offer opportunites for new brownfield housing sites. However, it points out that local authorities are failing to utilise these chances to reallocate disused ex-industrial land for housing. "Manufacturing and Residential Land Allocation - A Deepening Mismatch" is available from Dr Jim Whelan at GVA Grimley T +44 (0)20 7911 2374 |
| 590 ## - LOCAL NOTE (RLIN) | |
| Local note | WB |
| 650 ## - SUBJECT ADDED ENTRY--TOPICAL TERM | |
| Topical term or geographic name entry element | RESIDENTIAL USE |
| 650 ## - SUBJECT ADDED ENTRY--TOPICAL TERM | |
| Topical term or geographic name entry element | INDUSTRIAL LAND |
| 650 ## - SUBJECT ADDED ENTRY--TOPICAL TERM | |
| Topical term or geographic name entry element | BROWNFIELD LAND |
| 690 ## - LOCAL SUBJECT ADDED ENTRY--TOPICAL TERM (OCLC, RLIN) | |
| Topical term or geographic name as entry element | HOUSING-DEVELOPMENT |
| 942 ## - ADDED ENTRY ELEMENTS (KOHA) | |
| Suppress in OPAC | 0 |
| Withdrawn status | Lost status | Source of classification or shelving scheme | Damaged status | Not for loan | Home library | Current library | Shelving location | Date acquired | Total Checkouts | Full call number | Barcode | Date last seen | Copy number | Price effective from | Koha item type |
|---|---|---|---|---|---|---|---|---|---|---|---|---|---|---|---|
| Dewey Decimal Classification | London | London | News article | 06/02/2002 | WB3805-15 | 116627-1001 | 06/08/2019 | 1 | 06/08/2019 | News article |